Nàng dâu Tập kịch ngắn về đề tài thương nghiệp
Shranjeno v:
| Format: | Knjiga |
|---|---|
| Jezik: | Undetermined |
| Izdano: |
Hà Nội
Văn hóa
1978
|
| Teme: | |
| Oznake: |
Označite
Brez oznak, prvi označite!
|
| Thư viện lưu trữ: | Trung tâm Học liệu Trường Đại học Cần Thơ |
|---|
| LEADER | 00504nam a2200169Ia 4500 | ||
|---|---|---|---|
| 001 | CTU_10461 | ||
| 008 | 210402s9999 xx 000 0 und d | ||
| 082 | |a 895.9222 | ||
| 082 | |b N106 | ||
| 245 | 0 | |a Nàng dâu | |
| 245 | 0 | |b Tập kịch ngắn về đề tài thương nghiệp | |
| 260 | |a Hà Nội | ||
| 260 | |b Văn hóa | ||
| 260 | |c 1978 | ||
| 650 | |a vietnamese drama | ||
| 904 | |i Nguyễn Quang Điền, 961009 | ||
| 980 | |a Trung tâm Học liệu Trường Đại học Cần Thơ | ||